000111025 001__ 111025
000111025 005__ 20220309093106.0
000111025 037__ $$aTAZ-TFM-2019-800
000111025 041__ $$aspa
000111025 1001_ $$aBellido Bel, Teresa
000111025 24200 $$aSociodemographic factors of depression in patients with eating disorders
000111025 24500 $$aFactores sociodemográficos de la depresión en pacientes con trastorno de conducta alimentaria
000111025 260__ $$aZaragoza$$bUniversidad de Zaragoza$$c2019
000111025 506__ $$aby-nc-sa$$bCreative Commons$$c3.0$$uhttp://creativecommons.org/licenses/by-nc-sa/3.0/
000111025 520__ $$aIntroducción y antecedentes: Los TCA y la depresión aparecen con frecuencia de forma comórbida y suponen un problema de salud pública por el gran número de casos existentes. Los estudios destinados a investigar esta asociación cuentan con metodologías heterogéneas y existe una carencia de resultados unificados, tratamientos estandarizados y programas de prevención destinados a estas dos entidades. <br />Objetivos: Estudiar el perfil clínico-epidemiológico de pacientes con TCA y depresión, investigando los factores que pueden influir en su aparición comórbida mediante la comparación de grupos. Con esto se pretenden identificar factores de riesgo para plantear estrategias terapéuticas y programas de prevención. <br />Metodología: Se ha realizado un estudio restrospectivo de 75 pacientes (edades comprendidas entre 9 y 17 años), atendidos en la UTCA del HCULB de Zaragoza y un análisis descriptivo de los resultados obtenidos a través del cumplimiento de una batería de test (N=46): SPM, CEDI II, MACI, EPQ, BELL, STAIC, RSE, EAT-40, BITE, BSQ, CIMEC, ABOS y ADHDRS IV. <br />Resultados: Encontramos diferencias significativas en la frecuencia de la depresión entre los grupos con y sin conductas purgativas (p=0.038) y con relaciones armónicas y disarmónicas familiares (p=0.012), [IC del 95%]. <br />Conclusiones: Podemos considerar las conductas purgativas y la disarmonía familiar como factores de riesgo de desarrollar depresión, por lo que en nuestra práctica clínica diaria será adecuada su identificación temprana. <br />Palabras clave: Trastornos de Conducta Alimentaria; Depresión; Anorexia Nerviosa; Bulimia Nerviosa; Perfil clínico-epidemiológico; Factores sociodemográficos; Suicidio; Cuidadores.<br /><br />
000111025 521__ $$aMáster Universitario en Condicionantes Genéticos, Nutricionales y Ambientales del Crecimiento y Desarrollo
000111025 540__ $$aDerechos regulados por licencia Creative Commons
000111025 700__ $$aDe la Cámara Izquiero, Concepción$$edir.
000111025 700__ $$aSamper Villagrasa, Pilar$$edir.
000111025 7102_ $$aUniversidad de Zaragoza$$b $$c
000111025 8560_ $$f630544@celes.unizar.es
000111025 8564_ $$s1093215$$uhttps://zaguan.unizar.es/record/111025/files/TAZ-TFM-2019-800.pdf$$yMemoria (spa)
000111025 909CO $$ooai:zaguan.unizar.es:111025$$pdriver$$ptrabajos-fin-master
000111025 950__ $$a
000111025 951__ $$adeposita:2022-03-09
000111025 980__ $$aTAZ$$bTFM$$cMED
000111025 999__ $$a20190902212433.CREATION_DATE